000 00428nam a2200181Ia 4500
001 4977
005 20260306145834.0
008 260306t2008||||xx |||||||||||||| ||spa||
041 _aESP
082 _a332.152
_bS81
100 _aStiglitz, Joseph E.
_eAUT
245 0 _aEl malestar en la globalización
260 _c2008
300 _a447 pƔginas :
_c19 cm.
650 _aGEN
654 _aCAN
942 _cLIB
_dJUS
_fJUS
_2ddc
_n
999 _c4977
_d4977